|
|
|
|
| LEADER |
00000naa a2200000uu 4500 |
| 001 |
vtls010948274 |
| 003 |
SK-MaSNL |
| 005 |
20260302125218.0 |
| 008 |
210902|2000 xo |||||||||||||||||slo| |
| 015 |
|
|
|a SNBRA
|
| 035 |
|
|
|a (urnnbn)urn:nbn:sk:snk:ar-a0bhiv
|
| 035 |
|
|
|a (uuid)ec51cb14-8461-4c0e-81cd-29daacb134a6
|
| 035 |
|
|
|a urn:nbn:sk:snk-aau9me
|
| 040 |
|
|
|a SNKBUCL
|b slo
|c SNKBUCL
|e AACR2
|
| 041 |
0 |
|
|a slo
|
| 044 |
|
|
|a xo
|c SK
|
| 100 |
1 |
|
|a Eliáš, Michal,
|c Ing., PhD
|4 aut
|9 603313
|
| 245 |
1 |
0 |
|a ANALÝZA QH-CHARAKTERISTIKY HYDRODYNAMICKÉHO ČERPADLA A JEHO VÝTLAČNÉHO POTRUBIA
|c Michal Eliáš, Vladimír M. Vondra
|
| 700 |
1 |
|
|a Vladimír M. Vondra
|4 aut
|9 811903
|
| 773 |
0 |
|
|t Mechatronika 2000
|d Bratislava : Slovak Technical University, 2000
|g S. 188-194
|z 8022713562
|
| 958 |
|
|
|a OND
|
| 958 |
|
|
|a article11
|
| 958 |
|
|
|a chapter
|
| 999 |
|
|
|c 1292413
|d 1294343
|